Minutes of evidence taken before the Commissioners appointed to investigate the various projects for establishing railway termini within, or in the immediate vicinity of the Metropolis with an appendix and index (Record no. 114133)
[ view plain ]
| 000 -LEADER | |
|---|---|
| fixed length control field | 00745cam a22001815a 4500 |
| 001 - CONTROL NUMBER | |
| control field | L156257 |
| 008 - FIXED-LENGTH DATA ELEMENTS--GENERAL INFORMATION | |
| fixed length control field | 120509s1846 xxk f 000 0 eng d |
| 035 ## - SYSTEM CONTROL NUMBER | |
| System control number | (Sirsi) u156257 |
| 041 0# - LANGUAGE CODE | |
| Language code of text/sound track or separate title | eng |
| 110 2# - MAIN ENTRY--CORPORATE NAME | |
| Corporate name or jurisdiction name as entry element | Great Britain |
| Subordinate unit | Royal Commission on Railway Termini in the Metropolis |
| 9 (RLIN) | 6063 |
| 245 00 - TITLE STATEMENT | |
| Title | Minutes of evidence taken before the Commissioners appointed to investigate the various projects for establishing railway termini within, or in the immediate vicinity of the Metropolis with an appendix and index |
| 260 ## - PUBLICATION, DISTRIBUTION, ETC. | |
| Place of publication, distribution, etc. | [London] |
| Name of publisher, distributor, etc. | HMSO |
| Date of publication, distribution, etc. | 1846 |
| 490 #0 - SERIES STATEMENT | |
| Series statement | House of Commons Paper |
| Volume/sequential designation | (750-I) |
| 583 0# - ACTION NOTE | |
| Action | Condition reviewed |
| Time/date of action | 20120620 |
| Status | condition level 4, detached boards |
| 651 #4 - SUBJECT ADDED ENTRY--GEOGRAPHIC NAME | |
| Geographic name | London |
| 690 ## - LOCAL SUBJECT ADDED ENTRY--TOPICAL TERM (OCLC, RLIN) | |
| Topical term or geographic name as entry element | Infrastructure |
| 9 (RLIN) | 6246 |
| 942 ## - ADDED ENTRY ELEMENTS (KOHA) | |
| Suppress in OPAC | 0 |
| Withdrawn status | Lost status | Source of classification or shelving scheme | Damaged status | Not for loan | Home library | Current library | Shelving location | Date acquired | Total Checkouts | Full call number | Barcode | Date last seen | Copy number | Price effective from | Koha item type |
|---|---|---|---|---|---|---|---|---|---|---|---|---|---|---|---|
| Dewey Decimal Classification | Historic collection | Historic collection | Historic collection | 09/05/2012 | FOLIO 1846 ROYAL | 30077719 | 06/08/2019 | 1 | 06/08/2019 | Book |